<?xml version="1.0" encoding="UTF-8"?>
<record
    xmlns:xsi="http://www.w3.org/2001/XMLSchema-instance"
    xsi:schemaLocation="http://www.loc.gov/MARC21/slim http://www.loc.gov/standards/marcxml/schema/MARC21slim.xsd"
    xmlns="http://www.loc.gov/MARC21/slim">

  <leader>01044nam a2200193 u 4500</leader>
  <controlfield tag="001">000005056</controlfield>
  <controlfield tag="005">20240320074001.0</controlfield>
  <controlfield tag="008">090729s1996    dr      r     001 0 spa d</controlfield>
  <datafield tag="040" ind1=" " ind2=" ">
    <subfield code="a">DO-SdBNP</subfield>
    <subfield code="b">spa</subfield>
    <subfield code="c">BNPHU</subfield>
  </datafield>
  <datafield tag="082" ind1=" " ind2=" ">
    <subfield code="a">355.347</subfield>
    <subfield code="b">B446o</subfield>
  </datafield>
  <datafield tag="100" ind1="1" ind2=" ">
    <subfield code="a">Bello Peguero, Rafael,</subfield>
    <subfield code="d">1932-2022</subfield>
    <subfield code="9">2405</subfield>
  </datafield>
  <datafield tag="245" ind1="1" ind2="0">
    <subfield code="a">El obispado castrense de la Rep&#xFA;blica Dominicana / :</subfield>
    <subfield code="b">Rafael Bello Peguero; editor.</subfield>
  </datafield>
  <datafield tag="260" ind1=" " ind2=" ">
    <subfield code="a">Santo Domingo :</subfield>
    <subfield code="b">Amigo del Hogar,</subfield>
    <subfield code="c">1996.</subfield>
  </datafield>
  <datafield tag="300" ind1=" " ind2=" ">
    <subfield code="a">111 p. ;</subfield>
    <subfield code="c">23 cm.</subfield>
  </datafield>
  <datafield tag="500" ind1=" " ind2=" ">
    <subfield code="a">Incluye &#xED;ndice</subfield>
  </datafield>
  <datafield tag="500" ind1=" " ind2=" ">
    <subfield code="a">Incluye referencias bibliogr&#xE1;ficas</subfield>
  </datafield>
  <datafield tag="505" ind1="2" ind2=" ">
    <subfield code="a">Composici&#xF3;n de la Di&#xF3;cesis castrense de la Rep&#xFA;blica Dominicana (1996) -- Constituci&#xF3;n apost&#xF3;lica Spirituali militum curae (1986) -- Documentos Vicariato castrense (1972) -- Nombramientos castrenses (1958-1993) -- Las capellan&#xED;as castrenses en el proceso hist&#xF3;rico de la Rep&#xFA;blica Dominicana -- Relaci&#xF3;n de los capellanes castrenses y de la polic&#xED;a nacional (1 de marzo 1996).</subfield>
  </datafield>
  <datafield tag="650" ind1=" " ind2="4">
    <subfield code="a">Capellanes militares</subfield>
    <subfield code="z">Rep&#xFA;blica Dominicana</subfield>
    <subfield code="x">Iglesia catolica</subfield>
    <subfield code="9">14542</subfield>
  </datafield>
  <datafield tag="952" ind1=" " ind2=" ">
    <subfield code="0">0</subfield>
    <subfield code="1">0</subfield>
    <subfield code="7">1</subfield>
    <subfield code="8">PD</subfield>
    <subfield code="a">PD</subfield>
    <subfield code="b">PD</subfield>
    <subfield code="c">CT</subfield>
    <subfield code="d">2009-07-29</subfield>
    <subfield code="i">LF1</subfield>
    <subfield code="l">0</subfield>
    <subfield code="o">355.347 B446o</subfield>
    <subfield code="p">5056-10</subfield>
    <subfield code="r">2020-06-25</subfield>
    <subfield code="w">2020-06-25</subfield>
    <subfield code="y">LFPD</subfield>
    <subfield code="Z">No se presta</subfield>
  </datafield>
  <datafield tag="999" ind1=" " ind2=" ">
    <subfield code="c">4860</subfield>
    <subfield code="d">4860</subfield>
  </datafield>
</record>
